Textbook of forensic chemistry / (Record no. 283247)
[ view plain ]
| 000 -LEADER | |
|---|---|
| fixed length control field | 00542nam a2200169Ia 4500 |
| 008 - FIXED-LENGTH DATA ELEMENTS--GENERAL INFORMATION | |
| fixed length control field | 150223s9999 xx 000 0 und d |
| 020 ## - INTERNATIONAL STANDARD BOOK NUMBER | |
| International Standard Book Number | 9788183568388 |
| 050 ## - LIBRARY OF CONGRESS CALL NUMBER | |
| Classification number | RA 1057 |
| Item number | .IQ64 2011 |
| 100 ## - MAIN ENTRY--PERSONAL NAME | |
| Personal name | Iqbal, Syed Aftab. |
| 245 ## - TITLE STATEMENT | |
| Title | Textbook of forensic chemistry / |
| 260 ## - PUBLICATION, DISTRIBUTION, ETC. (IMPRINT) | |
| Place of publication, distribution, etc | New Delhi : |
| Name of publisher, distributor, etc | Discovery Publishing House Pvt. Ltd., |
| Date of publication, distribution, etc | 2011 |
| 300 ## - PHYSICAL DESCRIPTION | |
| Extent | 310 pages : |
| Dimensions | 22 cm. |
| 504 ## - BIBLIOGRAPHY, ETC. NOTE | |
| Bibliography, etc | Includes Index. |
| 650 ## - SUBJECT ADDED ENTRY--TOPICAL TERM | |
| Topical term or geographic name as entry element | Capillary electrophoresis. |
| 650 ## - SUBJECT ADDED ENTRY--TOPICAL TERM | |
| Topical term or geographic name as entry element | Computer forensics |
| General subdivision | Data recovery. |
| 650 ## - SUBJECT ADDED ENTRY--TOPICAL TERM | |
| Topical term or geographic name as entry element | Cryptanalysis |
| General subdivision | DNA profiling. |
No items available.